A-Punk Lyrics - Statistics

General Stats
  • This quiz has been taken 7 times
  • The average score is 12 of 15
Answer Stats
Lyrics % Correct
Half of the {ring} lies here with me
100%
In the young men's wing at {Sloan}-Kettering
100%
{Johanna} drove slowly into the city
100%
Look outside at the {raincoats} coming, say "oh"
100%
She took an apartment in {Washington} Heights
100%
She took it from his {lily}-white hand
100%
And the other half is at the {bottom} of the sea.
75%
A thousand years in one piece of {silver}
75%
Down to the {pueblo} hubs of New Mexico
75%
Spied the ring on his {Honor's} finger
75%
The {Hudson} river all filled with snow
75%
Cut his teeth on {turquoise} harmonicas
50%
His Honor drove southward seeking {exotica}
50%
I saw Johanna down in the {subway}
50%
Showed no {fear} she'd seen the thing
50%
No matching quizzes found
Score Distribution
Percent of People with Each Score
Percentile by Number Answered
Your Score History
You have not taken this quiz